=LDR 00000nam 2200000 4500 =001 INLIS000000000030942 =005 20250422114611 =035 ##$$a 0010-061300000030942 =008 250422################g##########0#ind## =041 ##$$a ind =082 ##$$a 028.5 =090 ##$$a 028.5, Nan u =100 ##$$a Nanit, Bunda =245 1#$$a Ucan si hujan, oleh Bunda Nanit dan Jodhi p.Ginarso ; editor, Imran Laha /$c editor, Imran Laha =260 ##$$a Jakarta :$b PT. Bumi Aksara Group =300 ##$$a 32 hlm : $b ilus ; $c 19 x 19 cm =650 #4$$a Bacaan Anak-anak =850 ##$$a NBPNMAT =020 ##$$a 978-979-010-461-7 =084 ##$$a 028.5 NAN u =990 ##$$a 21400613/BPAP-NTB/20142014 =990 ##$$a 21306124 =990 ##$$a 01201807082